Countries Without the Letters A or E - Statistics

General Stats
  • This quiz has been taken 52 times
  • The average score is 6 of 8
Answer Stats
Hint Answer % Correct
Country Fiji
86%
Country Morocco
80%
Country Kosovo
75%
Country Djibouti
73%
Country Togo
70%
Country Comoros
66%
Country Burundi
64%
Country Cyprus
61%
No matching quizzes found
Score Distribution
Percent of People with Each Score
Percentile by Number Answered
Your Score History
You have not taken this quiz